| 000 | 00377nam a2200145Ia 4500 | ||
|---|---|---|---|
| 008 | 220216s9999 xx 000 0 und d | ||
| 100 | _aJoseph T.[a] | ||
| 245 | 0 | _aStatus report on the rubber smallholdings of Tripura | |
| 260 |
_bRubber Board Bulletin _c1991 |
||
| 300 | _a16-24 | ||
| 650 | _aSmallholdings | ||
| 650 | _aTripura | ||
| 700 | _aRajasekharan P. | ||
| 942 | _cBS | ||
| 999 |
_c49708 _d49708 |
||